Feminism and Foucault: Reflections on Resistance
Guardado en:
| Formato: | Libro |
|---|---|
| Lenguaje: | English |
| Publicado: |
Boston, Estados Unidos
Northeastern University Press
1988
|
| Materias: | |
| Etiquetas: |
Agregar Etiqueta
Sin Etiquetas, Sea el primero en etiquetar este registro!
|
MARC
| LEADER | 00000nam a2200000Ia 4500 | ||
|---|---|---|---|
| 008 | 170316s9999 xx 000 0 eng d | ||
| 020 | |a 1-55553-033-8 | ||
| 040 | |a cru BVZT | ||
| 090 | |a 801 F-5.2f | ||
| 245 | |a Feminism and Foucault: Reflections on Resistance |c / Irene Diamond and Lee Quinby, editor | ||
| 260 | |a Boston, Estados Unidos | ||
| 260 | |b Northeastern University Press | ||
| 260 | |c 1988 | ||
| 300 | |a 246 páginas | ||
| 650 | |a TEORÍA LITERARIA |9 178 | ||
| 650 | |a EN IDIOMA INGLÉS |9 129 | ||
| 650 | |a FEMINISMO |9 1314 | ||
| 650 | |a FOUCAULT |9 1315 | ||
| 650 | |a FOUCAULT - PRAXIS FEMINISTA |9 1316 | ||
| 999 | |c 30889 |d 30889 | ||
| 942 | |c 15 D |h 801 F-5.2f |2 z | ||



